00585nam a22001937a 450000500170000001000250001702000270004203500170006903500130008603500140009903700080011303700130012108200120013410000180014624501110016426000410027527000530031630000220036920180305105323.0 a1617EN ENG-117180 a9788175247888c1200.00 aB-652586-589 aB-667639 aEN-100712 bKKP bDBAD/PUB a796.069 aKamlesh, M.L. aManagement concepts in Physical Education and sport:bsecond revised and updated edition /cby M.L.Kamlesh aNew DelhibKhel Sahitya Kendrac2016 a7/26, Ansari Road, Darya GanjbNew Delhie110002 ax,441p.b27cm(HB)